[Event "Panamericano Sub 20 Femenino 2009"]
[Site "Montevideo URU"]
[Date "2009.10.08"]
[Round "5.1"]
[White "De Leon, Patricia"]
[Black "Heredia Serrano, Carla"]
[Result "0-1"]
[WhiteElo "1741"]
[BlackElo "2152"]
[PlyCount "118"]
[EventDate "2009.10.06"]
[EventType "tourn"]
[EventRounds "9"]
[EventCountry "URU"]
[Source "lmi"]
[SourceDate "2009.10.06"]

1. d4 Nf6 2. c4 g6 3. f3 Bg7 4. e4 d6 5. Nc3 O-O 6. Be3 e5 7. d5 Nh5 8. Qd2 f5
9. O-O-O Nd7 10. Nge2 a6 11. Kb1 Ndf6 12. Nc1 b5 13. cxb5 fxe4 14. Nxe4 Bf5 15.
Bd3 Bxe4 16. Bxe4 axb5 17. Qc2 Kh8 18. Nd3 Nxe4 19. fxe4 Ra4 20. Nf2 Qa8 21. b3
Ra6 22. Nd3 c5 23. Rhe1 Nf6 24. Bg1 Rc8 25. Re2 Rc7 26. Rdd2 Ne8 27. Qd1 Ra3
28. Rb2 Nf6 29. Nc1 c4 30. Rbc2 Bh6 31. Be3 Bg7 32. Bd2 Ra6 33. Bb4 Bh6 34. Bd2
Bxd2 35. Qxd2 Kg7 36. Qb4 Rc5 37. bxc4 Ra4 38. Qb3 bxc4 39. Qb6 Ra6 40. Qb4 Qa7
41. Rb2 Rc7 42. h3 Nh5 43. Rec2 Qd4 44. Qb8 Raa7 45. Qd8 Qxe4 46. Qxd6 Rcb7 47.
Ka1 Qd4 48. Kb1 Nf4 49. Qc6 Rc7 50. Qb6 Nxd5 51. Qe6 Nc3+ 52. Ka1 Na4 53. Rf2
Rf7 54. Rfd2 Qc3 55. Rdc2 Qe1 56. Rb5 Rfe7 57. Qxc4 Rec7 58. Qb3 Nc3 59. Qb2
Nxb5 0-1

[Event "Panamericano Sub 20 Femenino 2009"]
[Site "Montevideo URU"]
[Date "2009.10.08"]
[Round "5.2"]
[White "Colombo, Camila"]
[Black "Segarra Choe, Tammy"]
[Result "1/2-1/2"]
[WhiteElo "2129"]
[BlackElo "1947"]
[PlyCount "49"]
[EventDate "2009.10.06"]
[EventType "tourn"]
[EventRounds "9"]
[EventCountry "URU"]
[Source "lmi"]
[SourceDate "2009.10.06"]

1. d4 d5 2. c4 c6 3. Nc3 Nf6 4. Nf3 a6 5. c5 Bf5 6. Bf4 Nbd7 7. e3 e6 8. Bd3
Qc8 9. Bxf5 exf5 10. Ne5 Be7 11. Qd3 Ne4 12. Na4 Bd8 13. O-O O-O 14. f3 Nef6
15. h3 Re8 16. b4 Bc7 17. Rfe1 Nh5 18. Bh2 g6 19. e4 dxe4 20. fxe4 fxe4 21. Qc4
Nxe5 22. dxe5 Qe6 23. Qxe6 Rxe6 24. g4 Ng7 25. Rxe4 1/2-1/2

[Event "Panamericano Sub 20 Femenino 2009"]
[Site "Montevideo URU"]
[Date "2009.10.08"]
[Round "5.3"]
[White "Cordero, Daniela"]
[Black "Jorquera Cabello, Valentina"]
[Result "0-1"]
[WhiteElo "1984"]
[BlackElo "1997"]
[PlyCount "120"]
[EventDate "2009.10.06"]
[EventType "tourn"]
[EventRounds "9"]
[EventCountry "URU"]
[Source "lmi"]
[SourceDate "2009.10.06"]

1. Nf3 Nf6 2. g3 g6 3. Bg2 Bg7 4. O-O O-O 5. d3 c5 6. e4 d6 7. Nbd2 Nc6 8. c3
e5 9. a4 Bg4 10. h3 Bxf3 11. Qxf3 Nh5 12. Nc4 Bf6 13. Ne3 Bg5 14. Nd5 Bxc1 15.
Raxc1 f6 16. Qd1 Ne7 17. Ne3 Ng7 18. d4 Kh8 19. dxe5 dxe5 20. Qb3 b6 21. Rcd1
Qc7 22. Nd5 Nxd5 23. Rxd5 Rad8 24. Rfd1 Ne6 25. Qb5 Rxd5 26. exd5 Rd8 27. Qe2
Ng7 28. Ra1 c4 29. Rd1 Nf5 30. Qc2 Nd6 31. b3 cxb3 32. Qxb3 Rc8 33. Rc1 Qc4 34.
Qd1 Rc5 35. Qf3 Kg7 36. Qg4 Qxg4 37. hxg4 e4 38. c4 Rxc4 39. Rxc4 Nxc4 40. Bxe4
Kf7 41. f4 Ke7 42. Kf2 Kd6 43. Ke2 Nb2 44. a5 bxa5 45. Kd2 Na4 46. Kc2 Nb6 47.
g5 f5 48. Bf3 Nxd5 49. Kb3 Nb6 50. Bb7 Kc5 51. Kc3 a4 52. Bf3 a3 53. Kb3 Nc4
54. Be2 Nd2+ 55. Kxa3 Kd4 56. Ba6 Ne4 57. Bc8 Nxg3 58. Be6 Ke4 59. Bg8 Kxf4 60.
Bxh7 Kxg5 0-1

[Event "Panamericano Sub 20 Femenino 2009"]
[Site "Montevideo URU"]
[Date "2009.10.08"]
[Round "5.4"]
[White "Romero Echeverria, Abigail"]
[Black "Feliciano, Vanessa"]
[Result "0-1"]
[WhiteElo "2064"]
[BlackElo "2163"]
[PlyCount "72"]
[EventDate "2009.10.06"]
[EventType "tourn"]
[EventRounds "9"]
[EventCountry "URU"]
[Source "lmi"]
[SourceDate "2009.10.06"]

1. e4 c5 2. c3 Nf6 3. e5 Nd5 4. d4 cxd4 5. cxd4 Nc6 6. Bc4 Nb6 7. Bb3 d5 8. Nc3
Bf5 9. Nf3 h6 10. Nh4 Bh7 11. e6 fxe6 12. Qh5+ Kd7 13. Be3 g5 14. Nf3 Qe8 15.
Qg4 Bf5 16. Qg3 Bg7 17. Rc1 Qb8 18. Qxb8 Raxb8 19. h3 Bf6 20. g4 Bg6 21. Na4
Nxa4 22. Bxa4 b5 23. Bb3 Be4 24. Ke2 Bxf3+ 25. Kxf3 Nxd4+ 26. Bxd4 Bxd4 27. Rc2
Rbc8 28. Rd2 Rhf8+ 29. Kg2 Rf4 30. Rhd1 Bb6 31. Re2 a5 32. Rde1 a4 33. Bc2
Rxf2+ 34. Rxf2 Bxf2 35. Re2 Bd4 36. Bd3 Rc5 0-1

[Event "Panamericano Sub 20 Femenino 2009"]
[Site "Montevideo URU"]
[Date "2009.10.08"]
[Round "5.5"]
[White "Herrera, Milena"]
[Black "Gutierrez, Leonela"]
[Result "1-0"]
[WhiteElo "2141"]
[BlackElo "1920"]
[PlyCount "49"]
[EventDate "2009.10.06"]
[EventType "tourn"]
[EventRounds "9"]
[EventCountry "URU"]
[Source "lmi"]
[SourceDate "2009.10.06"]

1. e4 c5 2. Nf3 d6 3. d4 cxd4 4. Nxd4 Nf6 5. Nc3 a6 6. Bg5 e6 7. f4 Nc6 8. Nxc6
bxc6 9. e5 h6 10. Bh4 g5 11. fxg5 Nd5 12. Ne4 Qb6 13. Bd3 Qxb2 14. O-O Qxe5 15.
g6 f5 16. g7 Qxg7 17. c4 Rg8 18. Rf2 Qg4 19. Qa4 Qxh4 20. Qxc6+ Kd8 21. cxd5
fxe4 22. Qxa8 Bg7 23. Rc1 Kd7 24. Qa7+ Kd8 25. Qc7+ 1-0

[Event "Panamericano Sub 20 Femenino 2009"]
[Site "Montevideo URU"]
[Date "2009.10.09"]
[Round "6.1"]
[White "Feliciano, Vanessa"]
[Black "Herrera, Milena"]
[Result "1/2-1/2"]
[WhiteElo "2163"]
[BlackElo "2141"]
[PlyCount "131"]
[EventDate "2009.10.06"]
[EventType "tourn"]
[EventRounds "9"]
[EventCountry "URU"]
[Source "lmi"]
[SourceDate "2009.10.06"]

1. e4 c5 2. Nf3 e6 3. d4 cxd4 4. Nxd4 a6 5. Bd3 Nf6 6. Nc3 Qc7 7. O-O Nc6 8.
Nb3 b5 9. Qe2 d6 10. f4 h5 11. a3 Be7 12. f5 Ng4 13. fxe6 fxe6 14. Bf4 Bh4 15.
Nd5 exd5 16. exd5+ Nce5 17. Bg6+ Kd8 18. Bd2 Qb6+ 19. Kh1 Nf2+ 20. Kg1 Nfg4+
21. Kh1 a5 22. g3 Bf6 23. Bf5 Bxf5 24. Rxf5 h4 25. Be1 hxg3 26. Bxg3 Qe3 27.
Qg2 Nxh2 28. Bxh2 Kd7 29. Rxf6 Rxh2+ 30. Qxh2 Qe4+ 31. Qg2 Qxg2+ 32. Kxg2 gxf6
33. Nd4 Nc4 34. b3 Ne3+ 35. Kf3 Nxd5 36. Nxb5 Ne7 37. Rd1 Ra6 38. c4 Rc6 39.
Kf4 a4 40. c5 axb3 41. Nxd6 Ke6 42. Nb5 Ng6+ 43. Ke3 Ke5 44. Nd4 Rxc5 45. Nxb3
Rb5 46. Nd4 Rc5 47. Nf3+ Ke6 48. Nd4+ Ke5 49. Nf3+ Ke6 50. Nd4+ Ke7 51. a4 f5
52. a5 Kf6 53. Ra1 f4+ 54. Kf3 Rc3+ 55. Kf2 Ke5 56. Nf3+ Kd5 57. a6 Rc2+ 58.
Ke1 Rc8 59. a7 Ra8 60. Kf2 Ne7 61. Ra5+ Kc6 62. Ne5+ Kb6 63. Nc4+ Kc6 64. Kf3
Nc8 65. Kxf4 Rxa7 66. Rxa7 1/2-1/2

[Event "Panamericano Sub 20 Femenino 2009"]
[Site "Montevideo URU"]
[Date "2009.10.09"]
[Round "6.2"]
[White "Jorquera Cabello, Valentina"]
[Black "Romero Echeverria, Abigail"]
[Result "1-0"]
[WhiteElo "1997"]
[BlackElo "2064"]
[PlyCount "131"]
[EventDate "2009.10.06"]
[EventType "tourn"]
[EventRounds "9"]
[EventCountry "URU"]
[Source "lmi"]
[SourceDate "2009.10.06"]

1. e4 c5 2. Nf3 e6 3. d3 Nc6 4. g3 g6 5. Bg2 Bg7 6. O-O Nge7 7. c3 e5 8. Be3 d6
9. d4 cxd4 10. cxd4 O-O 11. d5 Na5 12. b3 f5 13. Nbd2 b6 14. b4 Nb7 15. Rc1 Bd7
16. a4 h6 17. Qb3 Kh7 18. Rfd1 fxe4 19. Nxe4 Bg4 20. Bd2 Qd7 21. h3 Bf5 22.
Neg5+ hxg5 23. Nxg5+ Kg8 24. Ne6 Qe8 25. Nxf8 Qxf8 26. g4 Bc8 27. Rc7 Bf6 28.
Be4 Nd8 29. Qd3 g5 30. Rdc1 Nf7 31. b5 Nd8 32. Bf5 Bxf5 33. gxf5 Qf7 34. Rd7
Qg7 35. Rxd6 Nf7 36. Rd7 g4 37. hxg4 Qxg4+ 38. Qg3 Qxg3+ 39. fxg3 Nxf5 40. Rf1
N7d6 41. g4 Kh8 42. gxf5 Rg8+ 43. Kh1 Ne4 44. Be1 Rg7 45. Rxg7 Kxg7 46. Kg2 Nc5
47. Bb4 Nd3 48. Bd6 Kf7 49. Bb8 Nb4 50. d6 a6 51. bxa6 Nxa6 52. Bc7 Nc5 53. Rb1
Ke8 54. Rxb6 Nxa4 55. d7+ Kxd7 56. Rxf6 Kxc7 57. Re6 Nc5 58. Rxe5 Nd3 59. Re3
Nf4+ 60. Kg3 Nd5 61. Re1 Kd6 62. Kg4 Nf6+ 63. Kg5 Nh7+ 64. Kg6 Nf8+ 65. Kg7 Nd7
66. Rd1+ 1-0

[Event "Panamericano Sub 20 Femenino 2009"]
[Site "Montevideo URU"]
[Date "2009.10.09"]
[Round "6.3"]
[White "Segarra Choe, Tammy"]
[Black "Cordero, Daniela"]
[Result "1-0"]
[WhiteElo "1947"]
[BlackElo "1984"]
[PlyCount "75"]
[EventDate "2009.10.06"]
[EventType "tourn"]
[EventRounds "9"]
[EventCountry "URU"]
[Source "lmi"]
[SourceDate "2009.10.06"]

1. d4 d5 2. c4 c6 3. Nc3 Nf6 4. Nf3 a6 5. a4 e6 6. g3 Nbd7 7. Bg2 Bb4 8. O-O
O-O 9. Qb3 Qe7 10. Bf4 Re8 11. c5 Ba5 12. Bd6 Qd8 13. Ne5 Bc7 14. Bxc7 Qxc7 15.
f4 b6 16. cxb6 Nxb6 17. a5 Nbd7 18. Na4 Rb8 19. Qc3 c5 20. Nxc5 Nxc5 21. dxc5
Ne4 22. Bxe4 dxe4 23. b4 f6 24. Nc4 Rd8 25. Rad1 Bb7 26. e3 Rd3 27. Rxd3 exd3
28. Nd6 Rd8 29. Nxb7 Qxb7 30. c6 Qc7 31. Rd1 Rd6 32. Kf2 Kf7 33. Rxd3 Rxc6 34.
Qd4 Ke7 35. b5 Rc2+ 36. Kf3 Qb7+ 37. e4 axb5 38. Qd8+ 1-0

[Event "Panamericano Sub 20 Femenino 2009"]
[Site "Montevideo URU"]
[Date "2009.10.09"]
[Round "6.4"]
[White "Heredia Serrano, Carla"]
[Black "Colombo, Camila"]
[Result "1-0"]
[WhiteElo "2152"]
[BlackElo "2129"]
[PlyCount "73"]
[EventDate "2009.10.06"]
[EventType "tourn"]
[EventRounds "9"]
[EventCountry "URU"]
[Source "lmi"]
[SourceDate "2009.10.06"]

1. e4 e6 2. d4 d5 3. Nd2 Nf6 4. e5 Nfd7 5. Bd3 c5 6. c3 Nc6 7. Ne2 cxd4 8. cxd4
f6 9. Nf4 Nxd4 10. Qh5+ Ke7 11. exf6+ Nxf6 12. Ng6+ hxg6 13. Qxh8 Kf7 14. O-O
Nh5 15. Nb3 Nxb3 16. axb3 e5 17. Be3 Bd7 18. Be2 Nf6 19. Bxa7 Rc8 20. Be3 Ne4
21. f4 Nd2 22. fxe5+ Bf5 23. e6+ Kxe6 24. Qg8+ Ke5 25. Rac1 Nxb3 26. Rxc8 Qxc8
27. Rd1 Be6 28. Qh7 Qc2 29. Bf2 Kd6 30. Re1 Nc1 31. Bd1 Qf5 32. Qh4 Nd3 33.
Qd8+ Kc6 34. Ba4+ b5 35. Qb6+ Kd7 36. Bxb5+ Ke7 37. Bxd3 1-0

[Event "Panamericano Sub 20 Femenino 2009"]
[Site "Montevideo URU"]
[Date "2009.10.10"]
[Round "7.1"]
[White "Colombo, Camila"]
[Black "Amed, Stephanie"]
[Result "0-1"]
[WhiteElo "2129"]
[BlackElo "2159"]
[PlyCount "80"]
[EventDate "2009.10.06"]
[EventType "tourn"]
[EventRounds "9"]
[EventCountry "URU"]
[Source "lmi"]
[SourceDate "2009.10.06"]

1. d4 Nf6 2. c4 g6 3. Nc3 Bg7 4. e4 d6 5. f3 O-O 6. Bg5 c5 7. d5 e6 8. Qd2 h6
9. Be3 exd5 10. cxd5 Na6 11. Nge2 Nc7 12. Nc1 Nd7 13. Be2 b5 14. O-O Kh7 15.
Nb3 b4 16. Nb5 Nxb5 17. Bxb5 Rb8 18. Be2 f5 19. exf5 gxf5 20. g4 Qf6 21. Rab1
Nb6 22. Na5 Bd7 23. Kh1 Rbe8 24. Bc4 Nxc4 25. Nxc4 fxg4 26. fxg4 Qg6 27. b3
Bxg4 28. Qg2 Bf3 29. Rxf3 Qxb1+ 30. Bg1 Rxf3 31. Qxf3 Re1 32. Qg4 Qg6 33. Qxg6+
Kxg6 34. Kg2 Bf8 35. Bf2 Rd1 36. Ne3 Rd2 37. Kf3 Rxa2 38. Nc4 Rc2 39. Bg3 Rxc4
40. bxc4 b3 0-1

[Event "Panamericano Sub 20 Femenino 2009"]
[Site "Montevideo URU"]
[Date "2009.10.10"]
[Round "7.2"]
[White "Cordero, Daniela"]
[Black "Heredia Serrano, Carla"]
[Result "0-1"]
[WhiteElo "1984"]
[BlackElo "2152"]
[PlyCount "86"]
[EventDate "2009.10.06"]
[EventType "tourn"]
[EventRounds "9"]
[EventCountry "URU"]
[Source "lmi"]
[SourceDate "2009.10.06"]

1. d4 Nf6 2. Nf3 g6 3. c4 Bg7 4. g3 d6 5. Bg2 O-O 6. O-O Nbd7 7. Nc3 e5 8. e4
exd4 9. Nxd4 Re8 10. h3 a6 11. Be3 Rb8 12. Rc1 Ne5 13. b3 c5 14. Nde2 b5 15. f4
Ned7 16. Qd3 Bb7 17. Nd5 Bxd5 18. exd5 Qe7 19. Rf3 Ne4 20. Rc2 b4 21. Bc1 Nc3
22. Re3 Nxe2+ 23. Rexe2 Qf8 24. Bb2 Rxe2 25. Rxe2 Bxb2 26. Rxb2 Re8 27. Re2 Nf6
28. Kf2 Rxe2+ 29. Qxe2 Qe8 30. Qd3 Qe7 31. Bf3 Kf8 32. g4 Nd7 33. Be4 Qf6 34.
Qd2 a5 35. Kf3 Qa1 36. Qe2 Nf6 37. Bd3 Qh1+ 38. Kg3 Qg1+ 39. Kf3 Qh1+ 40. Kg3
Qg1+ 41. Kf3 h5 42. g5 Ng4 43. Qg2 Qe3# 0-1

[Event "Panamericano Sub 20 Femenino 2009"]
[Site "Montevideo URU"]
[Date "2009.10.10"]
[Round "7.3"]
[White "Romero Echeverria, Abigail"]
[Black "Segarra Choe, Tammy"]
[Result "0-1"]
[WhiteElo "2064"]
[BlackElo "1947"]
[PlyCount "128"]
[EventDate "2009.10.06"]
[EventType "tourn"]
[EventRounds "9"]
[EventCountry "URU"]
[Source "lmi"]
[SourceDate "2009.10.06"]

1. e4 d6 2. d4 Nf6 3. Nc3 g6 4. h3 c6 5. a4 Nbd7 6. Nf3 Qc7 7. Be3 Bg7 8. Nd2
O-O 9. a5 e5 10. dxe5 dxe5 11. Nc4 Rd8 12. Qd6 Ne8 13. Qxc7 Nxc7 14. Be2 Ne6
15. O-O Nd4 16. Bd1 Nc5 17. b4 Nce6 18. Ne2 Nxe2+ 19. Bxe2 Nd4 20. Bd3 Be6 21.
Nb2 f5 22. f3 Bf8 23. c3 Nb3 24. Ra3 f4 25. Bc4 Bxc4 26. Nxc4 Nxa5 27. Rxa5
fxe3 28. Re1 b6 29. Raa1 b5 30. Nxe5 c5 31. Kf1 cxb4 32. cxb4 Bxb4 33. Rxe3 Bc5
34. Rd3 Rxd3 35. Nxd3 Bd4 36. Ra6 Bb6 37. Nb4 Rc8 38. Ke2 Rc4 39. Nd5 Bg1 40.
Kd3 Ra4 41. Rxa4 bxa4 42. Kc4 a3 43. Kb3 Bc5 44. Nc3 Kf7 45. Nb5 Ke6 46. Nxa3
Ke5 47. Nc2 Kf4 48. Kc4 Bb6 49. Kd3 Kg3 50. Ne3 a5 51. e5 a4 52. e6 Bd8 53. Kc4
Kf2 54. Nc2 Kxg2 55. Nd4 Kxh3 56. Kb4 Kg3 57. Kxa4 Bf6 58. Kb5 h5 59. Kc6 h4
60. Kd5 h3 61. Ne2+ Kxf3 62. Nc3 h2 63. Ne4 Be7 64. Nd2+ Kg2 0-1

[Event "Panamericano Sub 20 Femenino 2009"]
[Site "Montevideo URU"]
[Date "2009.10.10"]
[Round "7.4"]
[White "Herrera, Milena"]
[Black "Jorquera Cabello, Valentina"]
[Result "1-0"]
[WhiteElo "2141"]
[BlackElo "1997"]
[PlyCount "111"]
[EventDate "2009.10.06"]
[EventType "tourn"]
[EventRounds "9"]
[EventCountry "URU"]
[Source "lmi"]
[SourceDate "2009.10.06"]

1. e4 c5 2. Nf3 Nc6 3. d4 cxd4 4. Nxd4 Nf6 5. Nc3 e5 6. Ndb5 d6 7. Bg5 a6 8.
Na3 b5 9. Nd5 Be6 10. c4 b4 11. Nc2 a5 12. c5 Na7 13. cxd6 Bxd5 14. Bxf6 gxf6
15. Qxd5 Bxd6 16. Ne3 Rb8 17. Rd1 Be7 18. Qb3 Qc8 19. Bc4 Kf8 20. Bxf7 a4 21.
Qe6 Qxe6 22. Bxe6 Rd8 23. Rxd8+ Bxd8 24. Bd7 a3 25. bxa3 bxa3 26. Nd5 Rg8 27.
Ke2 Rg7 28. Ba4 Rb7 29. Rc1 Rb2+ 30. Rc2 Nb5 31. Kd3 Rxc2 32. Bxc2 Nd4 33. Bd1
Kg7 34. Kc4 Ba5 35. Nc3 Kg6 36. Nb1 Kg5 37. g3 Ne6 38. Nxa3 Be1 39. f3 h5 40.
Nc2 Bf2 41. Kd5 Nc7+ 42. Kc6 Na6 43. a4 h4 44. gxh4+ Kxh4 45. Be2 Nc5 46. a5
Nb3 47. a6 Kh3 48. Kd6 Kxh2 49. Ke6 Nd4+ 50. Nxd4 Bxd4 51. Kxf6 Kg3 52. Ke6 Kf4
53. Kd7 Ke3 54. Bd1 Kd3 55. Kc6 Kd2 56. Bb3 1-0

[Event "Panamericano Sub 20 Femenino 2009"]
[Site "Montevideo URU"]
[Date "2009.10.10"]
[Round "7.5"]
[White "Gutierrez, Leonela"]
[Black "Feliciano, Vanessa"]
[Result "0-1"]
[WhiteElo "1920"]
[BlackElo "2163"]
[PlyCount "94"]
[EventDate "2009.10.06"]
[EventType "tourn"]
[EventRounds "9"]
[EventCountry "URU"]
[Source "lmi"]
[SourceDate "2009.10.06"]

1. e4 c5 2. Nf3 d6 3. d4 cxd4 4. Nxd4 Nf6 5. Nc3 a6 6. f3 e5 7. Nb3 Be6 8. Be3
Nbd7 9. g4 Nb6 10. g5 Nh5 11. Qd2 Be7 12. O-O-O O-O 13. Kb1 Rc8 14. Nd5 Nxd5
15. exd5 Bf5 16. Bd3 Bxd3 17. cxd3 Qd7 18. Rhg1 Qf5 19. Rdf1 Rc7 20. Rc1 Rxc1+
21. Rxc1 Qxf3 22. Rc7 Bd8 23. Rxb7 Qh1+ 24. Nc1 Qxd5 25. Ra7 Qb5 26. d4 Bb6 27.
Re7 exd4 28. Bxd4 Qf5+ 29. Ka1 Bxd4 30. Qxd4 Qxg5 31. Re1 d5 32. Qd3 Nf4 33.
Qxa6 Qg2 34. Qd6 Ne6 35. Nb3 d4 36. a3 h6 37. Nc5 Nxc5 38. Qxc5 Qf2 39. Rd1 Rd8
40. Qc7 Re8 41. Qd7 Re1 42. Qd8+ Kh7 43. Rxe1 Qxe1+ 44. Ka2 Qe4 45. Qd7 d3 46.
Qxf7 d2 47. Qf1 Qd5+ 0-1

[Event "Panamericano Sub 20 Femenino 2009"]
[Site "Montevideo URU"]
[Date "2009.10.10"]
[Round "8.1"]
[White "Jorquera Cabello, Valentina"]
[Black "Gutierrez, Leonela"]
[Result "0-1"]
[WhiteElo "1997"]
[BlackElo "1920"]
[PlyCount "72"]
[EventDate "2009.10.06"]
[EventType "tourn"]
[EventRounds "9"]
[EventCountry "URU"]
[Source "lmi"]
[SourceDate "2009.10.06"]

1. e4 c5 2. Nf3 d6 3. d4 cxd4 4. Nxd4 Nf6 5. Nc3 a6 6. Bg5 e6 7. f4 Nbd7 8. Qf3
Qc7 9. g4 Be7 10. O-O-O b5 11. Bxf6 Nxf6 12. g5 Nd7 13. a3 Rb8 14. b4 Nb6 15.
h4 Bb7 16. Bd3 Rc8 17. Nde2 f5 18. Qe3 fxe4 19. Bxe4 Nc4 20. Qd4 O-O 21. Qd3
Bxe4 22. Qxe4 Qd7 23. h5 Nxa3 24. h6 g6 25. Qd4 Rf7 26. Qe4 Rc4 27. Rd4 d5 28.
Rhd1 Bxb4 29. Rxc4 Nxc4 30. Qd4 Qd6 31. Kb1 Bc5 32. Qd3 Ba3 33. Na2 Nb2 34. Qd2
Nxd1 35. Qxd1 e5 36. Nec3 exf4 0-1

[Event "Panamericano Sub 20 Femenino 2009"]
[Site "Montevideo URU"]
[Date "2009.10.10"]
[Round "8.3"]
[White "Heredia Serrano, Carla"]
[Black "Romero Echeverria, Abigail"]
[Result "1/2-1/2"]
[WhiteElo "2152"]
[BlackElo "2064"]
[PlyCount "56"]
[EventDate "2009.10.06"]
[EventType "tourn"]
[EventRounds "9"]
[EventCountry "URU"]
[Source "lmi"]
[SourceDate "2009.10.06"]

1. e4 c5 2. Nf3 e6 3. d4 cxd4 4. Nxd4 a6 5. Nc3 b5 6. Bd3 Bc5 7. Be3 Qb6 8. Be2
Nc6 9. Nxc6 dxc6 10. Bxc5 Qxc5 11. Qd3 Nf6 12. f4 e5 13. f5 Ra7 14. O-O-O O-O
15. g4 Rd7 16. Qf3 Rfd8 17. g5 Rxd1+ 18. Nxd1 Nd7 19. f6 gxf6 20. Rf1 Kh8 21.
Qh5 Rg8 22. h4 Rg6 23. Bg4 Qc4 24. Rf3 Qxa2 25. Ra3 Qc4 26. Rd3 Nc5 27. Rd8+
Rg8 28. Rxg8+ Kxg8 1/2-1/2

[Event "Panamericano Sub 20 Femenino 2009"]
[Site "Montevideo URU"]
[Date "2009.10.10"]
[Round "8.4"]
[White "Amed, Stephanie"]
[Black "Cordero, Daniela"]
[Result "1/2-1/2"]
[WhiteElo "2159"]
[BlackElo "1984"]
[PlyCount "111"]
[EventDate "2009.10.06"]
[EventType "tourn"]
[EventRounds "9"]
[EventCountry "URU"]
[Source "lmi"]
[SourceDate "2009.10.06"]

1. e4 c6 2. d4 d5 3. Nd2 dxe4 4. Nxe4 Nd7 5. Qe2 e6 6. Bf4 Ndf6 7. Nxf6+ Nxf6
8. O-O-O a5 9. h4 a4 10. a3 b5 11. Rh3 Ba6 12. Qe1 Nd5 13. Bd2 Bd6 14. g4 Qe7
15. Bg2 Kd7 16. Bxd5 cxd5 17. Bb4 Rac8 18. Kb1 Bb7 19. Bxd6 Qxd6 20. Rf3 f6 21.
g5 Qe7 22. Nh3 e5 23. dxe5 fxe5 24. Re3 Rhe8 25. Qe2 Qc5 26. c3 Qc4 27. Qh5 d4
28. Qg4+ Kc7 29. cxd4 Kb8 30. Rc3 Qf7 31. g6 hxg6 32. Rcd3 exd4 33. Rxd4 Qb3
34. Rb4 Qc2+ 35. Ka1 Bc6 36. Qf4+ Ka8 37. Rc1 Qd3 38. Ng5 Rf8 39. Qe5 Qd2 40.
Qc3 Rxf2 41. Qxd2 Rxd2 42. Rxb5 Bxb5 43. Rxc8+ Kb7 44. Rc3 Rd4 45. Nf3 Rf4 46.
b4 axb3 47. Rxb3 Ka6 48. Kb2 Be2 49. Ng1 Bh5 50. Rb4 Rf2+ 51. Kc3 Rg2 52. Rb1
Rg4 53. Ne2 Rxh4 54. Nd4 Bg4 55. Rg1 Bf5 56. Nxf5 1/2-1/2

[Event "Panamericano Sub 20 Femenino 2009"]
[Site "Montevideo URU"]
[Date "2009.10.10"]
[Round "8.5"]
[White "De Leon, Patricia"]
[Black "Colombo, Camila"]
[Result "1/2-1/2"]
[WhiteElo "1741"]
[BlackElo "2129"]
[PlyCount "73"]
[EventDate "2009.10.06"]
[EventType "tourn"]
[EventRounds "9"]
[EventCountry "URU"]
[Source "lmi"]
[SourceDate "2009.10.06"]

1. d4 Nf6 2. c4 g6 3. Nc3 Bg7 4. e4 d6 5. Nge2 O-O 6. g3 Bg4 7. Bg2 Qc8 8. O-O
Bh3 9. b3 Nc6 10. Bb2 e5 11. dxe5 dxe5 12. a3 Rd8 13. Qc2 Bxg2 14. Kxg2 Nd4 15.
Nxd4 exd4 16. Nd5 Nxd5 17. exd5 c6 18. dxc6 Qxc6+ 19. f3 Re8 20. Rf2 Re3 21.
Rd1 Rd8 22. Rd3 Qb6 23. Rfd2 Qe6 24. Rxe3 Qxe3 25. Rd3 Qe1 26. Qd1 Qe5 27. Kf2
Bh6 28. Bc1 Qh5 29. Kg2 Bg7 30. Bb2 Qe5 31. Kf2 Bh6 32. Bc1 Be3+ 33. Kf1 Re8
34. Bb2 Rd8 35. Bc1 Re8 36. Bb2 Rd8 37. Bc1 1/2-1/2

[Event "Panamericano Sub 20 Femenino 2009"]
[Site "Montevideo URU"]
[Date "2009.10.11"]
[Round "9.1"]
[White "Cordero, Daniela"]
[Black "De Leon, Patricia"]
[Result "1-0"]
[WhiteElo "1984"]
[BlackElo "1741"]
[PlyCount "51"]
[EventDate "2009.10.06"]
[EventType "tourn"]
[EventRounds "9"]
[EventCountry "URU"]
[Source "lmi"]
[SourceDate "2009.10.06"]

1. d4 e6 2. Nf3 Nf6 3. e3 b6 4. Bd3 Bb7 5. O-O Be7 6. b3 d5 7. Bb2 O-O 8. Nbd2
Ne4 9. c4 Nd7 10. Qc2 f5 11. Rac1 Bd6 12. Ne5 Rf6 13. c5 bxc5 14. Bxe4 fxe4 15.
Nxd7 Bxh2+ 16. Kxh2 Rh6+ 17. Kg1 Qh4 18. f3 Qh2+ 19. Kf2 Rg6 20. Nxc5 exf3 21.
Qxg6 hxg6 22. Nxf3 Rf8 23. Nxb7 g5 24. Rh1 Rxf3+ 25. Kxf3 g4+ 26. Kf2 1-0

[Event "Panamericano Sub 20 Femenino 2009"]
[Site "Montevideo URU"]
[Date "2009.10.11"]
[Round "9.2"]
[White "Romero Echeverria, Abigail"]
[Black "Amed, Stephanie"]
[Result "1/2-1/2"]
[WhiteElo "2064"]
[BlackElo "2159"]
[PlyCount "112"]
[EventDate "2009.10.06"]
[EventType "tourn"]
[EventRounds "9"]
[EventCountry "URU"]
[Source "lmi"]
[SourceDate "2009.10.06"]

1. e4 e6 2. d4 d5 3. e5 c5 4. c3 Nc6 5. Nf3 Bd7 6. dxc5 Bxc5 7. b4 Be7 8. b5
Na5 9. Bd3 Qc7 10. O-O Nc4 11. a4 Nxe5 12. Nxe5 Qxe5 13. f4 Bc5+ 14. Kh1 Qf6
15. Bb2 Nh6 16. Qh5 Ng8 17. Nd2 Qh6 18. Qf3 Ne7 19. Nb3 Bd6 20. c4 dxc4 21.
Bxc4 Rc8 22. Rad1 Rxc4 23. Rxd6 Rc7 24. Be5 f6 25. Rxe6 Bxe6 26. Bxc7 Kf7 27.
Nd4 Bd5 28. Qe3 Qg6 29. Nf3 Rc8 30. b6 axb6 31. Bxb6 Rc2 32. Rf2 Rxf2 33. Qxf2
Qe4 34. Qd4 Qb1+ 35. Qg1 Qb2 36. a5 Bxf3 37. gxf3 Qe2 38. Qg4 g6 39. Kg1 Qe1+
40. Kg2 Qd2+ 41. Kg1 h5 42. Qg3 Nf5 43. Qf2 Qxf4 44. Qa2+ Kg7 45. Qd5 Qc1+ 46.
Kf2 Qc2+ 47. Ke1 Qc1+ 48. Kf2 Qc2+ 49. Ke1 Qc8 50. Kf2 Ne7 51. Qd6 Nf5 52. Qd5
Ne7 53. Qd6 Kf7 54. Bc5 Nf5 55. Qd5+ Kg7 56. Bb6 Kf8 1/2-1/2

[Event "Panamericano Sub 20 Femenino 2009"]
[Site "Montevideo URU"]
[Date "2009.10.11"]
[Round "9.3"]
[White "Herrera, Milena"]
[Black "Heredia Serrano, Carla"]
[Result "1/2-1/2"]
[WhiteElo "2141"]
[BlackElo "2152"]
[PlyCount "98"]
[EventDate "2009.10.06"]
[EventType "tourn"]
[EventRounds "9"]
[EventCountry "URU"]
[Source "lmi"]
[SourceDate "2009.10.06"]

1. e4 c6 2. d4 d5 3. Nc3 dxe4 4. Nxe4 Nf6 5. Nxf6+ gxf6 6. Bc4 Bf5 7. Ne2 Nd7
8. Nf4 e5 9. O-O exf4 10. Re1+ Be7 11. Bxf4 Nb6 12. Bb3 Nd5 13. Bh6 Rg8 14. c4
Bg4 15. Qd3 Rg6 16. Bd2 Nc7 17. Bb4 Ne6 18. Bxe7 Kxe7 19. d5 Kf8 20. Qe3 cxd5
21. cxd5 Ng7 22. Qc5+ Kg8 23. Qb5 Ne8 24. Qxb7 Nd6 25. Qa6 Bf3 26. g3 f5 27.
Qd3 Be4 28. Qe3 Qf6 29. Kf1 Re8 30. Qc3 Qg5 31. f3 Qh5 32. fxe4 fxe4 33. Kg1
Rh6 34. Qc2 Nf5 35. Qg2 Nd4 36. Bd1 Qxd5 37. Bb3 Nxb3 38. axb3 Qd4+ 39. Kh1 Rd6
40. Ra4 Qd3 41. Raxe4 Rxe4 42. Qxe4 Qxe4+ 43. Rxe4 Rd1+ 44. Kg2 Rd2+ 45. Kh3
Rxb2 46. Ra4 Rxb3 47. Rxa7 Kg7 48. Ra2 Kg6 49. Kg2 Rc3 1/2-1/2